| 000 | 00689nas a2200241 4500 | ||
|---|---|---|---|
| 001 | BR8204748 | ||
| 003 | BR-BrBNA | ||
| 005 | 20231205085226.0 | ||
| 007 | ta | ||
| 008 | 230509b bl.|||p| |||| 00| 00por d | ||
| 040 |
_aBR-BrBNA _bpor _cBiblioteca Nacional de Agricultura |
||
| 041 | _a(Pt) | ||
| 072 | _aL73 | ||
| 100 | 1 | _aOba, M.S.P. | |
| 100 | 1 | _aDell'Porto, A. | |
| 245 | 1 | _aA quimica moderna a servico da produtividade [piretroide] | |
| 650 | _aPIRETRO | ||
| 650 | _aINSETICIDA PIRETROIDE | ||
| 650 | _aPIRETRINA | ||
| 773 | 0 |
_tAgroquimica (Brazil) _xISSN 0100-6312 _g(1982), (no. 18) p. 20-26 _wBR8204748 |
|
| 909 |
_a202311 _bLúcia _c55 _dLúcia Elande |
||
| 942 |
_2AGRIS _n0 _cANA |
||
| 999 |
_c110092 _d110092 |
||